000 00811nam a2200277 a 4500
003 AR-BaBNM
005 20251128202800.0
008 082120s2002 ||||||||||||||000 | spa||
040 _cAR-BaBNM
100 1 _aEchegaray, Aristóbulo
245 0 0 _aDon Segundo Sombra
_breminiscencia infantil de Ricardo Güiraldes
260 _aBuenos Aires
_bEdiciones doble p
_c1984
300 _a105 p.
490 0 _aGrandes escritores argentinos. Ensayos
_vv. 1
500 _aContiene referencias bibliográficas en p. 103
650 4 _aLITERATURA ARGENTINA
650 4 _aCRITICA LITERARIA
650 4 _aBIOGRAFIAS
650 4 _aVIDA LITERARIA
650 4 _aCOSTUMBRES Y TRADICIONES
650 4 _aANALISIS LITERARIO
653 _aLITERATURA GAUCHESCA
655 _aLITERATURA
942 _cBK
998 _cMARTIN
999 _c540
_d540